000 00391nam a22001697a 4500
003 MPLRDC
005 20220104143107.0
008 210129b ||||| |||| 00| 0 eng d
082 _a415.22 XBZ
100 _a谢柏樟编著
245 _a简易急救
_c
250 _a一版一刷
260 _a
_b人民卫生出版社
_c1984
300 _b
650 _a
942 _cBK
_o415.22 XBZ
999 _c36563
_d36553